[Event "XXVII OOM - Mistrzostwa Polski Juniorow Mlodszych - Dziewczeta do lat 14"]
[Site "ApartHotel Termy Uniejow, ul. Termalna 1, 99-210 Uniejow"]
[Date "1899-12-30"]
[Round "9.2"]
[White "Szczotka, Klara"]
[Black "Niedorys, Karolina"]
[Result "1-0"]
[WhiteTitle "k+"]
[BlackTitle "I"]
[WhiteElo "1916"]
[BlackElo "1413"]

1. e4 c5 2. Nf3 d6 3. c3 Nf6 4. Be2 g6 5. O-O Bg7 6. Bb5+ Bd7 7. Bxd7+ Qxd7 8.
Re1 O-O 9. d4 cxd4 10. cxd4 e6 11. Nc3 Nc6 12. Be3 a6 13. Na4 Qd8 14. d5 exd5
15. exd5 Ne7 16. Nb6 Rb8 17. Qb3 Nf5 18. Bd2 Nd7 19. Ba5 Nxb6 20. Bxb6 Qd7 21.
h3 Rbc8 22. Re4 Rfe8 23. Rae1 Rxe4 24. Rxe4 Rc1+ 25. Kh2 Rb1 26. Re2 h5 27. a4
Qc8 28. Rc2 Qe8 29. Qb4 Be5+ 30. g3 Qe7 31. Kg2 Qf6 32. Rc8+ Kg7 33. Bd8 Ne3+
34. fxe3 Qf5 35. Rc3 Bxc3 36. Qxc3+ f6 37. Kf2 Kg8 38. Bxf6 Qxh3 39. Qd3 Qf5 40.
Qxf5 gxf5 41. a5 Kf7 42. Bc3 Kg6 43. Nd2 Rd1 44. Ke2 Rg1 45. Nf1 Rg2+ 46. Kf3
Rc2 47. Nd2 Rc1 48. Nc4 Rd1 49. Bd4 Ra1 50. Bb6 Rd1 51. Nxd6 Rxd5 52. Nxb7 Rb5
53. Nc5 Rxb2 54. Nxa6 h4 55. gxh4 Kh5 56. Nc5 Kxh4 57. Nd3 Ra2 58. Kf4 Rd2 59.
Nb4 Rf2+ 60. Ke5 Kg4 61. a6 Rf1 62. a7 Ra1 63. Nc6 f4 64. exf4 Re1+ 65. Kf6 Ra1
66. Na5 Kxf4 67. a8=Q 1-0

[Event "XXVII OOM - Mistrzostwa Polski Juniorow Mlodszych - Dziewczeta do lat 14"]
[Site "ApartHotel Termy Uniejow, ul. Termalna 1, 99-210 Uniejow"]
[Date "1899-12-30"]
[Round "9.3"]
[White "Pawicka, Magdalena"]
[Black "Slusarczyk, Anna"]
[Result "1-0"]
[WhiteTitle "k+"]
[BlackTitle "I+"]
[WhiteElo "1816"]
[BlackElo "1464"]

1. e4 c5 2. Nf3 e6 3. d4 cxd4 4. Nxd4 a6 5. Nc3 b5 6. Bd3 d6 7. Qe2 Nf6 8. f4 Bb7
9. O-O Nbd7 10. Kh1 Qc7 11. a3 Be7 12. Bd2 O-O 13. Rae1 Nc5 14. b4 Qb6 15. bxc5
dxc5 16. e5 Nd5 17. Nxd5 Bxd5 18. Nf3 c4 19. Be4 Bxa3 20. Bxh7+ Kh8 21. Be4 Bxe4
22. Qxe4 Bc5 23. Ng5 g6 24. f5 Bf2 25. Qf3 Bh4 26. Qh3 Qd4 27. Re4 1-0

[Event "XXVII OOM - Mistrzostwa Polski Juniorow Mlodszych - Dziewczeta do lat 14"]
[Site "ApartHotel Termy Uniejow, ul. Termalna 1, 99-210 Uniejow"]
[Date "1899-12-30"]
[Round "9.4"]
[White "Sprzeczka, Emilia"]
[Black "Lazniewska, Zofia"]
[Result "1-0"]
[WhiteTitle "I"]
[BlackTitle "I+"]
[WhiteElo "1431"]
[BlackElo "1625"]

1. e4 c5 2. Nf3 Nc6 3. d4 cxd4 4. Nxd4 g6 5. Nc3 Bg7 6. Be3 Nf6 7. Nxc6 bxc6 8.
e5 Ng8 9. Bd4 f6 10. Qe2 Qa5 11. exf6 Nxf6 12. O-O-O d5 13. f3 e6 14. g4 O-O 15.
a3 c5 16. Be5 a6 17. h4 Qb6 18. h5 d4 19. Ne4 Nxe4 20. Qxe4 Bb7 21. Qe1 Bxf3 22.
Bxg7 Kxg7 23. hxg6 Bxh1 24. Qe5+ Kg8 25. Bc4 Bd5 26. gxh7+ Kxh7 27. Bd3+ Kh6 28.
Qh5+ Kg7 29. Qg6+ Kh8 30. Qh7# 1-0

[Event "XXVII OOM - Mistrzostwa Polski Juniorow Mlodszych - Dziewczeta do lat 14"]
[Site "ApartHotel Termy Uniejow, ul. Termalna 1, 99-210 Uniejow"]
[Date "1899-12-30"]
[Round "9.5"]
[White "Kawa, Anna"]
[Black "Ziobrowska, Maja"]
[Result "1-0"]
[WhiteTitle "I"]
[BlackTitle "I++"]
[WhiteElo "1440"]
[BlackElo "1601"]

1. e4 c6 2. d4 d5 3. exd5 cxd5 4. Bd3 Nc6 5. c3 Nf6 6. Bf4 Bg4 7. Qb3 Qc8 8. Nd2
e6 9. Ngf3 Be7 10. h3 Bh5 11. O-O Bg6 12. Bb5 O-O 13. Ne5 Nxe5 14. Bxe5 Nd7 15.
Bf4 a6 16. Be2 Qc6 17. a4 Bd6 18. Bxd6 Qxd6 19. Nf3 f6 20. Rad1 Rfc8 21. Rfe1
Rc6 22. Bd3 Bxd3 23. Rxd3 b5 24. axb5 axb5 25. Rde3 Nf8 26. R3e2 b4 27. Rc1 Rb8
28. Qd1 Rbc8 29. Re3 Nd7 30. Qe2 Kf7 31. Nh2 bxc3 32. bxc3 Nf8 33. Rf3 Qa3 34.
Qd2 Rc4 35. Rd3 Ng6 36. Ng4 h5 37. Ne3 R4c6 38. c4 Qa4 39. Rdc3 Qb4 40. Qa2 Nf4
41. Kh2 dxc4 42. Nxc4 Nd5 43. Ne5+ fxe5 44. Rxc6 Rxc6 45. Rxc6 exd4 46. Qa7+ Kf6
47. Qd7 Qe7 48. Qxd5 1-0

[Event "XXVII OOM - Mistrzostwa Polski Juniorow Mlodszych - Dziewczeta do lat 14"]
[Site "ApartHotel Termy Uniejow, ul. Termalna 1, 99-210 Uniejow"]
[Date "1899-12-30"]
[Round "9.6"]
[White "Janikowska, Wiktoria"]
[Black "Nieckarz, Maja"]
[Result "1-0"]
[WhiteTitle "I+"]
[BlackTitle "I"]
[WhiteElo "1610"]
[BlackElo "1430"]

1. e4 c5 2. Ne2 d6 3. g3 g6 4. c3 Bg7 5. d4 cxd4 6. cxd4 Nc6 7. d5 Ne5 8. Bg2 Bg4
9. O-O Bf3 10. Qa4+ Qd7 11. Qxd7+ Kxd7 12. Bxf3 Nxf3+ 13. Kg2 Ne5 14. Nbc3 e6
15. Rd1 exd5 16. Rxd5 Ne7 17. Rd1 a6 18. f4 Nc4 19. b3 Nb6 20. Ba3 d5 21. Rac1
Ke6 22. Bc5 Nbc8 23. Nxd5 Nxd5 24. Rxd5 b6 25. f5+ gxf5 26. Nf4+ Kf6 27. Rxf5#
1-0

[Event "XXVII OOM - Mistrzostwa Polski Juniorow Mlodszych - Dziewczeta do lat 14"]
[Site "ApartHotel Termy Uniejow, ul. Termalna 1, 99-210 Uniejow"]
[Date "1899-12-30"]
[Round "9.7"]
[White "Pietryk, Joanna"]
[Black "Szopa, Emilia"]
[Result "0-1"]
[WhiteTitle "I"]
[BlackTitle "I++"]
[WhiteElo "1385"]
[BlackElo "1699"]

1. d4 Nf6 2. c4 g6 3. Nc3 Bg7 4. e4 d6 5. Nf3 O-O 6. h3 e5 7. d5 Ne8 8. g4 a5 9.
Be3 Na6 10. Be2 Nc5 11. Qc2 h6 12. O-O-O Bd7 13. Rdg1 c6 14. g5 h5 15. Bxc5 dxc5
16. Kb1 Nc7 17. Na4 Na6 18. Rd1 cxd5 19. cxd5 Nb4 20. Qb3 c4 21. Bxc4 b5 22. Nc5
bxc4 23. Qxc4 Qc8 24. a3 Na6 25. Rc1 Qxc5 26. Qxc5 Nxc5 27. Rxc5 Rfc8 28. Rc2
Bb5 29. Ne1 Bf8 30. Rh2 Be7 31. h4 Rxc2 32. Kxc2 Rc8+ 33. Kd2 Bc5 34. Nd3 Bd4
35. f3 Ba4 36. Ke1 Rc2 37. Rxc2 Bxc2 38. Kd2 Bxd3 39. Kxd3 Bxb2 40. a4 Kf8 41.
Kc4 Ke7 42. Kb5 Bd4 43. Kc6 Kd8 44. Kd6 Bc3 45. Kc6 Be1 46. Kd6 Bg3 47. Kc6 Bxh4
48. Kd6 Bg3 0-1

[Event "XXVII OOM - Mistrzostwa Polski Juniorow Mlodszych - Dziewczeta do lat 14"]
[Site "ApartHotel Termy Uniejow, ul. Termalna 1, 99-210 Uniejow"]
[Date "1899-12-30"]
[Round "9.8"]
[White "Pniewska, Beata"]
[Black "Seemann, Pola"]
[Result "1-0"]
[WhiteTitle "I"]
[BlackTitle "I++"]
[WhiteElo "1400"]
[BlackElo "1607"]

1. c4 e6 2. g3 d5 3. Nf3 Nf6 4. d4 Bb4+ 5. Bd2 Bxd2+ 6. Nbxd2 O-O 7. Bg2 Nbd7 8.
O-O Re8 9. Rc1 c6 10. e3 Qe7 11. Qb3 Rd8 12. Rfd1 e5 13. dxe5 Nxe5 14. Nxe5 Qxe5
15. Nf3 Qe7 16. cxd5 Nxd5 17. Nd4 Bg4 18. Rd2 Rd7 19. h3 Bh5 20. Nf5 Qg5 21. Bxd5
Qxf5 22. Be6 fxe6 23. Rxd7 Rf8 24. Rd2 Qxh3 25. Rd6 Re8 26. e4 Kh8 27. f4 e5 28.
f5 g6 29. f6 Rf8 30. Rf1 Be2 31. Rf2 Bb5 32. Qf3 Qh6 33. f7 Qg7 34. Re6 c5 35.
Re7 Bc6 36. Re6 Bd7 37. Rf6 Bc6 38. Qc3 Bxe4 39. Qxe5 Bc6 40. Qc3 a6 41. Rh2 Bd5
42. Qxc5 Rxf7 43. Rd6 Qf8 44. Qxd5 Rf1+ 45. Kg2 Rf2+ 46. Kh3 Qh6+ 47. Kg4 Qxh2
48. Qe5+ Kg8 49. Rd8+ Rf8 50. Qe6+ Kg7 51. Rd7+ 1-0

[Event "XXVII OOM - Mistrzostwa Polski Juniorow Mlodszych - Dziewczeta do lat 14"]
[Site "ApartHotel Termy Uniejow, ul. Termalna 1, 99-210 Uniejow"]
[Date "1899-12-30"]
[Round "9.9"]
[White "Nowak, Zuzanna"]
[Black "Salamon, Julia"]
[Result "0-1"]
[WhiteTitle "I"]
[BlackTitle "I++"]
[WhiteElo "1353"]
[BlackElo "1504"]

1. e4 c5 2. c3 Nc6 3. d4 d5 4. exd5 Qxd5 5. Nf3 Bf5 6. Be3 cxd4 7. cxd4 Bxb1 8.
Qxb1 e6 9. a3 a5 10. Bd3 Nf6 11. O-O a4 12. Qc2 Be7 13. Rad1 O-O 14. Ng5 h6 15.
Nf3 Rfc8 16. Qe2 Qh5 17. h3 Bd6 18. Rc1 g5 19. Rfd1 Kg7 20. Bc4 g4 21. hxg4 Nxg4
22. d5 exd5 23. Rxd5 Nce5 24. Rxd6 Nxf3+ 25. Qxf3 Qh2+ 26. Kf1 Nxe3+ 27. Qxe3
Qxd6 28. Qc3+ f6 29. Qe3 Rc6 30. Bb5 Rxc1+ 31. Qxc1 Rd8 32. g3 Qd1+ 33. Qxd1 Rxd1+
34. Kg2 Rb1 35. Bxa4 Rxb2 36. Bd7 b5 37. Kh3 Kf7 38. f4 Ke7 39. Bc6 Kd6 40. Be8
Kc5 41. a4 b4 42. Kg4 Kd6 43. Kf5 b3 44. Bf7 Ke7 45. Bc4 Rb1 46. a5 b2 47. a6
Ra1 48. Bd3 b1=Q 49. Bxb1 Rxb1 50. a7 Ra1 51. Kg6 Rxa7 52. Kxh6 Kf7 53. Kh5 Ra3
54. Kg4 Kg6 55. Kh4 f5 0-1

[Event "XXVII OOM - Mistrzostwa Polski Juniorow Mlodszych - Dziewczeta do lat 14"]
[Site "ApartHotel Termy Uniejow, ul. Termalna 1, 99-210 Uniejow"]
[Date "1899-12-30"]
[Round "9.10"]
[White "Pudelko, Magdalena"]
[Black "Giemza, Julia"]
[Result "1-0"]
[WhiteTitle "I++"]
[BlackTitle "I"]
[WhiteElo "1477"]
[BlackElo "1375"]

1. e4 c5 2. Nf3 e6 3. b3 a6 4. c4 d5 5. exd5 exd5 6. cxd5 Qxd5 7. Nc3 Qd8 8. Bc4
Bg4 9. O-O Nc6 10. d3 Nf6 11. a4 Be7 12. Re1 O-O 13. h3 Bh5 14. g4 Bg6 15. Nh4
Qd4 16. Nxg6 hxg6 17. Bb2 Qd7 18. Ne4 Nd4 19. Nd2 Rfe8 20. Nf3 Nxf3+ 21. Qxf3
Rad8 22. g5 Nd5 23. Re5 Nf6 24. gxf6 gxf6 25. Rd5 Qc6 26. Re1 Kf8 27. Kg2 b5 28.
Rxd8 Qxf3+ 29. Kxf3 Rxd8 30. axb5 axb5 31. Bxb5 Rb8 32. Bc4 Ra8 33. d4 Ra2 34.
Re2 cxd4 35. Bxd4 Rxe2 36. Bxe2 f5 37. Ke3 g5 38. Kd3 f6 39. Kc4 1-0

[Event "XXVII OOM - Mistrzostwa Polski Juniorow Mlodszych - Dziewczeta do lat 14"]
[Site "ApartHotel Termy Uniejow, ul. Termalna 1, 99-210 Uniejow"]
[Date "1899-12-30"]
[Round "9.11"]
[White "Banasiak, Adrianna"]
[Black "Kulczycka, Zofia"]
[Result "0-1"]
[WhiteTitle "I"]
[BlackTitle "I"]
[WhiteElo "1318"]
[BlackElo "1470"]

1. e4 c5 2. Nf3 Nc6 3. Bd3 Nf6 4. c3 d5 5. exd5 Qxd5 6. Be2 e5 7. Na3 Be7 8. O-O
O-O 9. Bc4 Qd6 10. Bb5 e4 11. Bxc6 Qxc6 12. Ne5 Qc7 13. d4 exd3 14. Bf4 Qd8 15.
Qxd3 Qxd3 16. Nxd3 Be6 17. Be3 b6 18. Nf4 Bf5 19. Rfd1 Rfd8 20. Nb5 Be4 21. Rxd8+
Rxd8 22. Nxa7 Ng4 23. f3 Bxf3 24. gxf3 Nxe3 25. Nc6 Rd7 26. Re1 Nf5 27. Re5 g6
28. Nd5 Bg5 29. Nxb6 Rd6 30. Nd5 Rxc6 31. f4 Bh4 32. Kg2 Rd6 33. Kf3 f6 34. Ne7+
Nxe7 35. Rxe7 f5 36. Re2 Rd3+ 37. Kg2 Rd1 38. b3 Rc1 39. c4 Bf6 40. Kf3 Rc3+ 41.
Kg2 Kf7 42. Rd2 Bd4 43. b4 Rxc4 44. bxc5 Bxc5 45. Rd7+ Ke6 46. Rxh7 Rc2+ 47. Kf3
Rxa2 48. Rg7 Kf6 49. Rh7 Bd6 50. Rh4 Ra4 51. h3 Kg7 52. Ke3 Be7 53. Rg4 fxg4 54.
hxg4 Bd6 55. f5 Rxg4 56. fxg6 Kxg6 57. Kd3 Kf5 58. Ke3 Rh4 59. Kd3 Ke5 60. Kc3
Kd5 61. Kd3 Rh3+ 62. Kd2 Ke4 63. Kc2 Kd4 64. Kb2 Kc4 65. Kc2 Rh2+ 66. Kd1 Kc3
67. Ke1 Kd3 68. Kf1 Ke3 69. Kg1 Kf3 70. Kf1 Rh1# 0-1

[Event "XXVII OOM - Mistrzostwa Polski Juniorow Mlodszych - Dziewczeta do lat 14"]
[Site "ApartHotel Termy Uniejow, ul. Termalna 1, 99-210 Uniejow"]
[Date "1899-12-30"]
[Round "9.12"]
[White "Grzesik, Nikola"]
[Black "Pastuszko, Katarzyna"]
[Result "1-0"]
[WhiteTitle "I"]
[BlackTitle "I++"]
[WhiteElo "1342"]
[BlackElo "1580"]

1. c4 e5 2. Nc3 Nc6 3. g3 f5 4. Bg2 Nf6 5. e3 Be7 6. Nge2 O-O 7. O-O d6 8. d4 e4
9. a3 a5 10. Nd5 Bd7 11. Bd2 a4 12. b4 axb3 13. Qxb3 Rb8 14. Rfc1 g5 15. Rab1
Qe8 16. c5 Nxd5 17. Qxd5+ Kh8 18. Qa2 Qh5 19. Bc3 f4 20. exf4 gxf4 21. gxf4 Bf6
22. Ng3 Qg4 23. d5 Ne7 24. Bxf6+ Rxf6 25. c6 Bc8 26. cxb7 Rxb7 27. Rxb7 Bxb7 28.
Rxc7 Bxd5 29. Qb2 Qe6 30. Qb8+ Qg8 31. Qxg8+ Nxg8 32. a4 Rxf4 33. Rc8 Rf7 34.
Rd8 Bc6 35. Bxe4 Bxe4 36. Nxe4 Rg7+ 37. Kf1 Ra7 38. Nf6 Rg7 39. Nxg8 Rxg8 40.
Rxg8+ 1-0

[Event "XXVII OOM - Mistrzostwa Polski Juniorow Mlodszych - Dziewczeta do lat 14"]
[Site "ApartHotel Termy Uniejow, ul. Termalna 1, 99-210 Uniejow"]
[Date "1899-12-30"]
[Round "9.14"]
[White "Jaros, Emilia"]
[Black "Gladyszewska, Kinga"]
[Result "1/2-1/2"]
[WhiteTitle "I"]
[BlackTitle "I"]
[WhiteElo "1241"]
[BlackElo "1293"]

1. e4 e5 2. Nf3 Nc6 3. Bb5 a6 4. Ba4 Nf6 5. d3 b5 6. Bb3 Be7 7. O-O O-O 8. Re1
d6 9. c3 Bb7 10. Nbd2 Na5 11. Bc2 c5 12. Nf1 Re8 13. Ng3 g6 14. d4 Bf8 15. h3
Qc7 16. d5 Nc4 17. b3 Nb6 18. Nh2 c4 19. b4 a5 20. Bg5 Bg7 21. a3 axb4 22. axb4
Rxa1 23. Qxa1 Ra8 24. Qb2 Na4 25. Bxa4 bxa4 26. Ra1 Qb6 27. Qa2 Ne8 28. Qxc4 Ba6
29. Qa2 Bb5 30. c4 Bd7 31. b5 Nf6 32. Be3 Qc7 33. Rb1 Bc8 34. Nhf1 Nd7 35. b6
Qb7 36. Nd2 Ra6 37. Qa3 Bf8 38. Rb4 Nc5 39. Bxc5 dxc5 40. Rxa4 Qxb6 41. Rxa6 Bxa6
42. Qc3 Bd6 43. Nb3 Bc7 44. f3 Bb7 45. Nd2 1/2-1/2

[Event "XXVII OOM - Mistrzostwa Polski Juniorow Mlodszych - Dziewczeta do lat 14"]
[Site "ApartHotel Termy Uniejow, ul. Termalna 1, 99-210 Uniejow"]
[Date "1899-12-30"]
[Round "9.15"]
[White "Dallemura, Julia"]
[Black "Lewicka, Joanna"]
[Result "0-1"]
[WhiteTitle "I"]
[BlackTitle "I"]
[WhiteElo "1196"]
[BlackElo "1252"]

1. e4 e5 2. Nf3 Nc6 3. Bb5 a6 4. Ba4 Nf6 5. d3 b5 6. Bb3 Be7 7. Bd5 Bd6 8. Bxc6
dxc6 9. h3 h6 10. Be3 O-O 11. O-O c5 12. c3 Re8 13. Qe2 Bb7 14. Nbd2 Qe7 15. Rfd1
Rad8 16. Nf1 Nh5 17. N3h2 Qh4 18. Qg4 Qxg4 19. Nxg4 Re6 20. Ng3 Nxg3 21. fxg3
Bc8 22. Nf2 Rg6 23. g4 Be7 24. Kh2 Rc6 25. g3 b4 26. c4 a5 27. b3 a4 28. Rdb1
Ra6 29. bxa4 Rxa4 30. a3 Bd7 31. axb4 cxb4 32. Rxa4 Bxa4 33. Bd2 Bc2 34. Rc1 b3
35. Bc3 Rb8 36. Bb2 Ra8 37. Bxe5 Ra2 38. Ra1 Bf6 0-1

[Event "XXVII OOM - Mistrzostwa Polski Juniorow Mlodszych - Dziewczeta do lat 14"]
[Site "ApartHotel Termy Uniejow, ul. Termalna 1, 99-210 Uniejow"]
[Date "1899-12-30"]
[Round "9.16"]
[White "Szewczuk, Aleksandra"]
[Black "Popczynska, Maja"]
[Result "0-1"]
[WhiteTitle "I"]
[BlackTitle "I"]
[WhiteElo "1317"]
[BlackElo "1400"]

1. Nf3 c5 2. b3 d5 3. e3 Nc6 4. Bb5 Bd7 5. Bb2 e6 6. d3 Nf6 7. Bxc6 Bxc6 8. O-O
Be7 9. Nbd2 O-O 10. Ne5 Qc7 11. Ndf3 Rad8 12. Qe2 Bb5 13. c4 dxc4 14. dxc4 Bc6
15. Nxc6 Qxc6 16. Rfd1 a6 17. Qc2 Qe4 18. Qxe4 Nxe4 19. g3 h6 20. Kf1 b5 21. Ke1
Nd6 22. Nd2 Rb8 23. Be5 Rfd8 24. Rab1 f6 25. Bc3 b4 26. Bb2 a5 27. a3 Kf7 28.
axb4 axb4 29. Ra1 Ra8 30. Ke2 e5 31. Kf3 Ke6 32. Ne4 Nxe4 33. Kxe4 Rxa1 34. Rxd8
Rh1 35. Ra8 Rxh2 36. Kf3 Rh1 37. Ra6+ Kf7 38. Ra1 Rxa1 39. Bxa1 Ke6 40. e4 h5
41. Bb2 f5 42. Bc1 g5 43. exf5+ Kxf5 44. Be3 h4 45. gxh4 gxh4 46. Kg2 Ke4 47.
Bh6 Kd3 48. Bg7 e4 49. Kh3 Kc2 50. Kg2 Kxb3 0-1

[Event "XXVII OOM - Mistrzostwa Polski Juniorow Mlodszych - Dziewczeta do lat 14"]
[Site "ApartHotel Termy Uniejow, ul. Termalna 1, 99-210 Uniejow"]
[Date "1899-12-30"]
[Round "9.17"]
[White "Gac-mytych, Sara"]
[Black "Romejko, Jagoda"]
[Result "0-1"]
[WhiteTitle "II"]
[BlackTitle "I"]
[WhiteElo "1125"]
[BlackElo "1350"]

1. d4 d5 2. Bg5 Nf6 3. Bxf6 exf6 4. e3 Be7 5. Bd3 Be6 6. Nd2 O-O 7. Qf3 Qd7 8.
h3 Nc6 9. c3 Rfe8 10. Ne2 Bd6 11. g4 Ne7 12. O-O-O b5 13. Rdg1 a5 14. h4 b4 15.
g5 bxc3 16. Nxc3 f5 17. h5 a4 18. Bb5 c6 19. Bxa4 Bb4 20. Ndb1 Reb8 21. Qe2 Qb7
22. Bb3 c5 23. dxc5 Rc8 24. Qb5 Qxb5 25. Nxb5 Rxc5+ 26. N5c3 f4 27. a3 Ba5 28.
Bc2 Rc7 29. Re1 fxe3 30. fxe3 Nf5 31. Bxf5 Bxf5 32. Kd2 Rd8 33. b4 Bb6 34. Nb5
Rc2+ 35. Kd1 Rdc8 36. N1c3 R2xc3 37. Nxc3 Rxc3 38. a4 Bxe3 39. Ke2 d4 40. Kf3
Bd2+ 41. Kf2 Bxe1+ 42. Rxe1 Kf8 43. Re5 Be6 44. g6 h6 45. gxf7 Kxf7 46. a5 Ra3
47. Re1 Rb3 48. a6 Rxb4 49. Ra1 Bd5 50. a7 Ba8 51. Ke2 Rb5 52. Kd3 Rxh5 53. Kxd4
Rd5+ 54. Kc4 g5 55. Rf1+ Kg7 56. Ra1 h5 57. Kb4 h4 58. Ra6 h3 59. Rb6 Rd7 60.
Ra6 h2 61. Ra1 h1=Q 62. Rxh1 Bxh1 63. a8=Q Bxa8 64. Kb5 g4 65. Kb6 g3 66. Kb5
g2 67. Kb6 g1=Q+ 68. Kb5 Qb1+ 69. Ka6 Rb7 70. Ka5 Qa2# 0-1

[Event "XXVII OOM - Mistrzostwa Polski Juniorow Mlodszych - Dziewczeta do lat 14"]
[Site "ApartHotel Termy Uniejow, ul. Termalna 1, 99-210 Uniejow"]
[Date "1899-12-30"]
[Round "9.18"]
[White "Predkiewicz, Paulina"]
[Black "Leks, Emilia"]
[Result "1-0"]
[WhiteTitle "I"]
[BlackTitle "II+"]
[WhiteElo "1344"]
[BlackElo "1213"]

1. e4 d6 2. d4 Nf6 3. Nc3 g6 4. h3 Bg7 5. Nf3 O-O 6. Bc4 Nbd7 7. O-O e5 8. Re1
Re8 9. Bg5 c6 10. a4 a5 11. Bb3 Qc7 12. Qd2 Nf8 13. Rad1 Rd8 14. dxe5 Be6 15.
exf6 Bh8 16. Qf4 Bxb3 17. cxb3 Ne6 18. Qh4 Qb6 19. Rb1 Qxb3 20. e5 d5 21. Red1
Qb6 22. Bh6 Re8 23. Qg3 Qb4 24. Nh4 1-0

[Event "XXVII OOM - Mistrzostwa Polski Juniorow Mlodszych - Dziewczeta do lat 14"]
[Site "ApartHotel Termy Uniejow, ul. Termalna 1, 99-210 Uniejow"]
[Date "1899-12-30"]
[Round "9.19"]
[White "Zalewska, Malgorzata"]
[Black "Zapalowska, Wiktoria"]
[Result "1/2-1/2"]
[WhiteTitle "I"]
[BlackTitle "I"]
[WhiteElo "1328"]
[BlackElo "1279"]

1. e4 c5 2. Nf3 Nc6 3. d4 cxd4 4. Nxd4 g6 5. Nc3 Bg7 6. Be3 Nf6 7. f3 O-O 8. Qd2
d5 9. O-O-O dxe4 10. fxe4 Qc7 11. Nxc6 Qxc6 12. Bd3 Rd8 13. Bh6 Be6 14. Bxg7 Kxg7
15. h4 h5 16. Qf4 a6 17. Rhf1 Rac8 18. e5 Nd5 19. Nxd5 Qxd5 20. b3 Qxg2 21. Rg1
Qc6 22. Qg3 Bg4 23. Rd2 Qc3 24. Rdd1 Qa1+ 25. Kd2 Bxd1 26. Rxd1 Qxa2 27. Rc1 Qb2
28. e6 Qf6 29. exf7 Qxf7 30. Rg1 Rd6 31. Qe5+ Kh7 32. Qxh5+ Kg8 33. Kc1 Qg7 34.
Rxg6 Rxg6 35. Bxg6 Rd8 36. Bd3 Rxd3 37. Qe8+ Kh7 38. Qh5+ Qh6+ 39. Qxh6+ Kxh6
40. cxd3 a5 41. Kb2 b5 42. Kc3 Kh5 43. Kd4 Kxh4 44. Kd5 1/2-1/2

[Event "XXVII OOM - Mistrzostwa Polski Juniorow Mlodszych - Dziewczeta do lat 14"]
[Site "ApartHotel Termy Uniejow, ul. Termalna 1, 99-210 Uniejow"]
[Date "1899-12-30"]
[Round "9.20"]
[White "Staniewicz, Adrianna"]
[Black "Bandyk, Joanna"]
[Result "1/2-1/2"]
[WhiteTitle "WCM"]
[BlackTitle "I"]
[WhiteElo "1301"]
[BlackElo "1186"]

1. e4 c5 2. Nf3 d6 3. d4 cxd4 4. Nxd4 Nf6 5. Nc3 a6 6. Be2 e5 7. Nb3 Be7 8. Be3
Be6 9. f3 O-O 10. O-O d5 11. exd5 Nxd5 12. Nxd5 Qxd5 13. Qxd5 Bxd5 14. Rad1 Be6
15. Bd3 Nd7 16. Be4 Rac8 17. c3 Rc7 18. Bd5 Bxd5 19. Rxd5 f6 20. Rfd1 Nb8 21.
Bb6 Rcc8 22. Na5 Nc6 23. Nxb7 Rf7 24. Nd6 Bxd6 25. Rxd6 Rb7 26. Be3 Rxb2 27. R1d2
Rxd2 28. Bxd2 Kf8 29. Rd7 Rd8 30. Rxd8+ Nxd8 31. Kf2 Ke7 32. g4 g6 33. Ke2 Kd6
34. Kd3 f5 35. h3 Ne6 36. a3 Nc5+ 37. Kc4 Kc6 38. Be3 Na4 39. Kb4 Nb2 40. c4 Nd3+
41. Kc3 Ne1 42. f4 Ng2 43. Kd3 1/2-1/2

[Event "XXVII OOM - Mistrzostwa Polski Juniorow Mlodszych - Dziewczeta do lat 14"]
[Site "ApartHotel Termy Uniejow, ul. Termalna 1, 99-210 Uniejow"]
[Date "1899-12-30"]
[Round "9.21"]
[White "Mitrega, Wiktoria"]
[Black "Kicinska, Magdalena"]
[Result "1/2-1/2"]
[WhiteTitle "I"]
[BlackTitle "I+"]
[WhiteElo "1251"]
[BlackElo "1315"]

1. e4 c6 2. d4 d5 3. exd5 cxd5 4. c3 Bf5 5. Bd3 Bxd3 6. Qxd3 e6 7. Qb5+ Qd7 8.
Qxd7+ Nxd7 9. Bf4 Ngf6 10. h3 Be7 11. Nf3 O-O 12. Nbd2 b5 13. a3 a5 14. O-O b4
15. axb4 axb4 16. Ne5 bxc3 17. bxc3 Rfc8 18. Nxd7 Nxd7 19. Rxa8 Rxa8 20. Rb1 Bf6
21. Kf1 Nf8 22. Rb8 Rxb8 23. Bxb8 Nd7 24. Bf4 Nb6 25. Ke2 Kf8 26. Kd3 Ke7 27.
c4 dxc4+ 28. Nxc4 Nd5 29. Bg3 Nb4+ 30. Ke4 Nd5 31. Ne3 1/2-1/2

[Event "XXVII OOM - Mistrzostwa Polski Juniorow Mlodszych - Dziewczeta do lat 14"]
[Site "ApartHotel Termy Uniejow, ul. Termalna 1, 99-210 Uniejow"]
[Date "1899-12-30"]
[Round "9.22"]
[White "Peksa, Zuzanna"]
[Black "Reszka, Barbara"]
[Result "1-0"]
[WhiteTitle "I"]
[BlackTitle "II+"]
[WhiteElo "1231"]
[BlackElo "1095"]

1. c4 e6 2. g3 d5 3. cxd5 exd5 4. d4 Nf6 5. Bg2 c6 6. Nf3 Bf5 7. O-O Bd6 8. Nc3
O-O 9. Re1 Re8 10. Nd2 Bc7 11. e4 dxe4 12. Ncxe4 Nxe4 13. Nxe4 Na6 14. Qf3 Bg6
15. Qb3 Rb8 16. Qc4 Bb6 17. Bf4 Ra8 18. Rad1 Bc7 19. Bg5 Qd7 20. d5 cxd5 21. Rxd5
Qg4 22. Nf6+ gxf6 23. Rxe8+ Rxe8 24. Qxg4 fxg5 25. Rxg5 Kf8 26. Bxb7 Re6 27. Bxa6
Rxa6 28. Qc8+ Kg7 29. Qxa6 Bb6 30. a4 Bd4 31. b4 Kf8 32. Qd6+ Kg7 33. Qxd4+ 1-0

[Event "XXVII OOM - Mistrzostwa Polski Juniorow Mlodszych - Dziewczeta do lat 14"]
[Site "ApartHotel Termy Uniejow, ul. Termalna 1, 99-210 Uniejow"]
[Date "1899-12-30"]
[Round "9.23"]
[White "Makarec, Anna"]
[Black "Feliks, Agnieszka"]
[Result "1/2-1/2"]
[WhiteTitle "I"]
[BlackTitle "I"]
[WhiteElo "1206"]
[BlackElo "1156"]

1. e4 c5 2. Nc3 Nc6 3. g3 g6 4. Bg2 Bg7 5. Nge2 e6 6. O-O Nge7 7. d3 d5 8. exd5
exd5 9. Bf4 O-O 10. Qd2 Re8 11. Rfe1 b6 12. Bh6 Bb7 13. Bxg7 Kxg7 14. d4 Na5 15.
Rad1 Nc4 16. Qc1 Nf5 17. dxc5 bxc5 18. Bxd5 Bxd5 19. Nxd5 Nd4 20. Nxd4 Rxe1+ 21.
Rxe1 Qxd5 22. Nb3 Rd8 23. f4 Nd2 24. Nxd2 Qxd2 25. Qxd2 Rxd2 26. Rc1 Kf6 27. a4
a5 28. b3 Kf5 29. h3 Ke4 30. g4 Kxf4 31. Rf1+ Kg3 32. Rxf7 Rxc2 33. Kf1 Kxh3 34.
Rxh7+ Kxg4 35. Ra7 Rb2 36. Rxa5 Rxb3 37. Rxc5 Ra3 38. Rc6 Rxa4 39. Rxg6+ 1/2-1/2

[Event "XXVII OOM - Mistrzostwa Polski Juniorow Mlodszych - Dziewczeta do lat 14"]
[Site "ApartHotel Termy Uniejow, ul. Termalna 1, 99-210 Uniejow"]
[Date "1899-12-30"]
[Round "9.24"]
[White "Szmajda, Karolina"]
[Black "Kaczmarek, Paulina"]
[Result "1/2-1/2"]
[WhiteTitle "I"]
[BlackTitle "II+"]
[WhiteElo "1181"]
[BlackElo "1029"]

1. c4 e5 2. g3 Nf6 3. Bg2 c6 4. Nf3 Qc7 5. Nc3 d5 6. cxd5 cxd5 7. d3 Bf5 8. O-O
Bc5 9. Bg5 Nbd7 10. Qa4 O-O 11. Bxf6 Nxf6 12. Nb5 Qe7 13. Qb3 Rfd8 14. Rac1 Rac8
15. Rc3 a6 16. Na3 Bd6 17. Rfc1 Bxa3 18. bxa3 Rxc3 19. Rxc3 Rc8 20. Rxc8+ Bxc8
21. Qc3 Bg4 22. h3 Bxf3 23. Bxf3 g6 24. Qb3 Qd7 25. Kh2 Kg7 26. Qb2 Qe7 27. g4
h6 28. e4 dxe4 29. Bxe4 Nxe4 30. dxe4 Qf6 31. Kg2 Qe7 32. f4 f6 33. fxe5 fxe5
34. a4 Kf6 35. Qb6+ Qe6 36. Qb2 Qc4 1/2-1/2

[Event "XXVII OOM - Mistrzostwa Polski Juniorow Mlodszych - Dziewczeta do lat 14"]
[Site "ApartHotel Termy Uniejow, ul. Termalna 1, 99-210 Uniejow"]
[Date "1899-12-30"]
[Round "9.25"]
[White "Bromirska, Roksana"]
[Black "Semeradt, Michalina"]
[Result "0-1"]
[WhiteTitle "II"]
[BlackTitle "I"]
[WhiteElo "1088"]
[BlackElo "1065"]

1. e4 e5 2. Nf3 Nc6 3. Bb5 f5 4. exf5 e4 5. Qe2 Nf6 6. d3 Qe7 7. dxe4 Qxe4 8. Qxe4+
Nxe4 9. O-O Be7 10. Re1 Nf6 11. Bg5 Rf8 12. Nc3 d6 13. Ne4 Bxf5 14. Nxf6+ gxf6
15. Bh6 Rg8 16. Nd4 Bd7 17. Nxc6 Bxc6 18. Bd3 Rxg2+ 19. Kf1 Rxh2 20. Bf4 Rh3 21.
Ke2 Rh5 22. Kd2 Kd7 23. Be2 Rh4 24. Bg3 Re4 25. Bd3 Rxe1 26. Rxe1 Rh8 27. Bf5+
Kd8 28. Bf4 Bd5 29. a3 h5 30. Rg1 h4 31. Ke2 Rg8 32. Rxg8+ Bxg8 33. Kf3 Bf8 34.
Kg4 Ke7 35. Kxh4 Be6 36. Be4 b6 37. Kg3 Bg7 38. b3 f5 39. Bd3 Be5 40. f3 Kf6 41.
Bxe5+ dxe5 42. Kf2 Bd5 43. Ke3 f4+ 44. Ke2 Be6 45. Bc4 Bxc4+ 46. bxc4 c5 47. Kf2
Kf5 48. Kg2 e4 49. fxe4+ Kxe4 50. Kf2 f3 51. c3 Kd3 52. Kxf3 Kxc3 53. Ke4 Kxc4
54. Ke3 Kc3 55. Ke2 Kc2 56. Ke3 c4 57. Kd4 c3 0-1